000 03919nab a2200325 i 4500
003 BR-BrBNA
005 20251031101159.0
008 251031b2018 bl.|r|pooa||| 00| 0 eng |
040 _aBR-BrBNA
_beng
072 _aF30
_b0920
072 _aF40
100 _aMedeiros, José Gilberto Sousa
100 _aBiasi, Luiz Antonio
100 _aBona, Claudine Maria de
100 _aCuquel, Francine Lorena
245 _aPhenology, production and quality of blueberry produced in humid subtropical climate
500 _aPublicação online; 20 ref.; 5 tables; Summaries (En, Pt)
520 _a Abstract - Studies on adaptation to the cultivation site are necessary for the recommendation of new cultivars. The aim of this study was to evaluate the phenological development, productivity and fruit quality of eight blueberry cultivars from the rabbiteye group (Aliceblue, Bluebelle, Bluegem, Briteblue, Climax, Delite, Powderblue and Woodard) and two from the highbush group (Georgiagem and O’Neal) under humid subtropical conditions in the 2012/2013, 2013/2014 and 2014/2015 cycles. Beginning and end of flowering, beginning and end of harvesting, fruit set, production, mass, diameter, pH, content of soluble solids, titratable acidity, ratio and coloring were evaluated. The evaluated cultivars presented flowering in the period from July to September, concentrating harvest in the months of November and December. The highest fruit set was observed in Delite, Climax, Briteblue and Powderblue cultivars. There were differences among cultivars regarding fruit mass, size, pH, content of soluble solids and acidity. The results showed that the cultivars exhibited blue color with few variations over the evaluation years. Cultivars with the best productive performance under humid subtropical climate conditions are Bluegem, Delite, Climax and Powderblue. Index terms: Vaccinium sp., small fruits, fruit set.
520 _a Resumo - Para a recomendação de novas cultivares, são necessários estudos quanto à adaptação no local de cultivo. Logo, objetivou-se avaliar o desenvolvimento fenológico, a produtividade e a qualidade de frutos de oito cultivares de mirtileiro do grupo rabbiteye (Aliceblue, Bluebelle, Bluegem, Briteblue, Climax, Delite, Powderblue e Woodard) e duas do grupo highbush (Georgiagem e O’Neal) em condições de clima subtropical úmido, nos ciclos de 2012/2013, 2013/2014 e 2014/2015. Foram avaliadas as datas do início e do final de floração, início e final de colheita, frutificação efetiva, produção, massa, diâmetro, pH, teor de sólidos solúveis, acidez titulável, ratio e coloração. As cultivares avaliadas apresentaram floração no período de julho a setembro, concentrando a colheita nos meses de novembro e dezembro. As maiores frutificações efetivas foram observadas nas cultivares Delite, Climax, Briteblue e Powderblue. Houve diferenças entre as cultivares quanto à massa do fruto, tamanho, pH, teor de sólidos solúveis e acidez. Os resultados demonstraram que as cultivares exibiram coloração azul, com poucas variações ao longo dos anos de avaliação. As cultivares com melhor desempenho produtivo, em condições de clima subtropical úmido, são Bluegem, Delite, Climax e Powderblue. Termos para indexação: Vaccinium sp., pequenas frutas, frutificação efetiva
650 _aMIRTILO
650 _aCOMPORTAMENTO DE VARIEDADE
650 _aCONDIÇÃO AMBIENTAL
650 _aFENOLOGIA
650 _aFRUTIFICAÇÃO
650 _aPRODUTIVIDADE
773 0 _0805
_9317034
_dJaboticabal-SP Sociedade Brasileira de Fruticultura 1978
_o2024-3596
_tRevista Brasileira de Fruticultura (Brazil)
_x0100-2945
_gv. 40(3) p. 1-10; (2018)
_wBR2025004326
856 _uhttps://www.scielo.br/j/rbf/a/B4wvqmqZsXB9pVfWByCt9zj/?format=pdf&lang=en
942 _cANA
999 _c338894
_d338894